000 00770nam a2200253Ia 4500
003 OSt
005 20221005092839.0
006 a|||||r|||| 00| 0
007 ta
008 221004b |||||||| |||| 00| 0 eng d
020 _a0312152809 (1979)
024 _a120988
037 _bGift, 04/09/2012,
_cTextual
040 _aCRL
_cCRL
_beng
041 _2eng
_aeng
082 _aW691.1'N7, L9
100 _aUrban G R Ed.
245 0 _aCommunist reformation
_b Nationalism internationalism and change in the world communist movement
260 _aNew York
_bSt. Martin's Press USA
_c1979
300 _a335p.
_ccm.
650 _aPOLITICAL SCIENCE
942 _hW691.1'N7, L9
_cTEXL
_2cc
999 _c999448
_d999448